01646cam a2200289 a 450000100090000000300040000900500170001300800410003001000170007101500190008801600180010702000250012503500240015004000230017404200220019705000220021908200160024110000300025724500650028726000740035230000450042650400510047150507640052265000220128670000290130870000190133716634288OSt20210414113906.0110202s2010 at a b 001 0 eng  a 2010284839 aGBB0800152bnb7 a0155430772Uk a9781408007457 (pbk.) a(OCoLC)ocn646392496 aUKMcUKMdUWOdDLC aukblsralccopycat00aHB615b.S755 201004a658.4212221 aStokes, Davidq(David R.)10aEntrepreneurship /cDavid Stokes, Nick Wilson, Martha Mador. aAustralia ;aUnited States :bSouth-Western Cengage Learning,cc2010. axx, 391 p. :bill. (some col.) ;c25 cm. aIncludes bibliographical references and index. aContents: In Search of entrepreneurship: The Search for entrepreneurship -- The Properties of entrepreneurship -- Entrepreneurship and innovation -- Entrepreneurship and the economy -- Entrepreneurship in context - The Life cycle of entrepreneurship -- Integrative case study I, 2, 3 -- In search of the entrepreneur -- The Search for the entrepreneur -- Entrepreneurs and managing creativity -- Entrepreneurial networking -- Entrepreneurial decision-making and plannimg -- Integrative case study 4, 5, 6 -- In Search of enterprise value: Entrepreneurial marketing -- The Creation and protection of knowledge -- The Entrepreneurial team -- Entrepreneurial business models and processes -- Entrepreneurial finance -- Integrative case study 7, 8, 9 -- Glossary. 0aEntrepreneurship.1 aWilson, Nicholas,cPh.D.1 aMador, Martha.